000 00700nam a22002057a 4500
005 20210616153141.0
008 210317b ag ||||| |||| 00| 0 spa d
020 _a9506790450
050 0 4 _aKHA5893
_bC33 1988
100 1 _aCavallero, Ricardo J.
245 1 0 _aJusticia y participación
_b: el juicio por jurados en materia penal
_c/ Ricardo J. Cavallero, Edmundo S. Hendler.
250 _a1a ed.
260 _aBuenos Aires, Argentina :
_bUniversidad,
_c1988
300 _a195 p. ;
_c23 cm.
504 _aIncluye bibliografía : p. 191-195
650 7 _2lemb
_aJurado
_zArgentina
650 7 _2lemb
_aProcedimiento penal
_zArgentina
700 1 _aHendler, Edmundo S.,
_eautor
942 _2lcc
_cLIB
999 _c155321
_d155319